000 00673nam a22002057a 4500
999 _c166
_d166
003 AR-CdUCM
008 190222b ||||| |||| 00| 0 spa d
040 _aMUNICIPALIDAD PROVINCIAL DEL CUSCO
_cBIBLIOTECA MUNICIPAL DEL CUSCO
082 _a869.503 /
_bA39
100 _aAlencastre Montúfar, Gustavo
_9778
245 _aAvalancha /
260 _aCusco :
_bManko Inka,
_c1966.
300 _a115 páginas ;
_c20 cm.
505 _aAvalancha -- El destino de Santos Huayta -- Estrella errante -- Leyenda de la cañihua.
650 _aLiteratura peruana
_9169
650 _aNovela cusqueña
_9779
650 _aSiglo XX
_98
942 _2ddc
_cLIBROS
945 _araen
_d2019-02-22